Central Library and Information Centre
Sibsagar Girls' College, Sivasagar : Assam

DEGREE MATHEMATICS TUTOR (Record no. 8533)

MARC details
000 -LEADER
fixed length control field 00418cam a2200181ua 4500
008 - FIXED-LENGTH DATA ELEMENTS--GENERAL INFORMATION
fixed length control field 190424n1996 II |||gr||||Z||||||eng
040 ## - CATALOGING SOURCE
Original cataloging agency MAIN
041 ## - LANGUAGE CODE
-- English
082 ## - DEWEY DECIMAL CLASSIFICATION NUMBER
Classification number 510 SAR
100 ## - MAIN ENTRY--PERSONAL NAME
Personal name SARKAR, A. C.
245 ## - TITLE STATEMENT
Title DEGREE MATHEMATICS TUTOR
260 ## - PUBLICATION, DISTRIBUTION, ETC.
Place of publication, distribution, etc. BORPETA:
Name of publisher, distributor, etc. BORNALI,
Date of publication, distribution, etc. 1984.
300 ## - PHYSICAL DESCRIPTION
Extent 184:
Dimensions 20CM.
700 ## - ADDED ENTRY--PERSONAL NAME
Personal name SARKAR, A. C.,
Relator term Author.
942 ## - ADDED ENTRY ELEMENTS (KOHA)
Koha item type Books
653 ## - INDEX TERM--UNCONTROLLED
Uncontrolled term Mathematics
Holdings
Withdrawn status Lost status Damaged status Not for loan Collection code Home library Current library Shelving location Date acquired Full call number Barcode Date last seen Copy number Price effective from Koha item type Public note
        TBMAT Central Library and Information Centre Sibsagar Girls College Central Library and Information Centre Sibsagar Girls College MATHEMATICS BOOK RACK 23.06.1998 510 SAR 15774 27.02.2020 1 27.02.2020 Books V
        TBMAT Central Library and Information Centre Sibsagar Girls College Central Library and Information Centre Sibsagar Girls College Hostel Library 23.06.1998 510 SAR 15775 27.02.2020 2 27.02.2020 Books V
        TBMAT Central Library and Information Centre Sibsagar Girls College Central Library and Information Centre Sibsagar Girls College MATHEMATICS BOOK RACK 23.06.1998 510 SAR 15776 27.02.2020 3 27.02.2020 Books V
        TBMAT Central Library and Information Centre Sibsagar Girls College Central Library and Information Centre Sibsagar Girls College MATHEMATICS BOOK RACK 23.06.1998 510 SAR 15777 27.02.2020 4 27.02.2020 Books V


Sibsagar Girl's College © 2020. All rights reserved.
Powered by Koha.
Maintained by Abhijit Borpuzari.